000 004690000a22001690004500
003 LK-CoMWRAF
008 230817t ||||| |||| 00| 0 eng d
020 _a9555772126
040 _aLK-CoMWRAF
_dLK-CoMWRAF
_eLK-CoMWRAF
041 _aeng
082 _a060
_bSTA
245 _aStatistical profile of Sri Lanka
_ba statistical compendium to commemorate the 50th anniversary
260 _aColombo
_bCensus
_c1998
300 _ap.111
650 _aStatistics
942 _cBK
999 _c2674
_d2674